000 00589nam a22001817a 4500
005 20251108173551.0
008 250721s2005 xx 000 0 ara d
020 _a9953425825
082 1 4 _a158.1/هيل
100 1 _aهيلز، رتشارد
_eمؤلف
245 1 0 _aعامل الحظ : كيف تحول حظك العاثر إلى حظ طيب /
264 1 _aبيروت :
_bالمكتبة الحديثة ناشرون،
_c[2005].
300 _a144 ص.
650 1 7 _aعلم النفس التطبيقي
650 1 7 _aالحياه العلميه
942 _2ddc
_cBK
999 _c106984
_d106984